[Event "Campeonato del mundo sub-18"]
[Site "Kemer TUR"]
[Date "2009.11.14"]
[Round "3.36"]
[White "Ulkhanov, Azamat"]
[Black "Bukavshin, Ivan"]
[Result "1/2-1/2"]
[WhiteElo "2068"]
[BlackElo "2426"]
[PlyCount "66"]
[EventDate "2009.11.11"]
[EventType "swiss"]
[EventRounds "11"]
[EventCountry "ESP"]
[Source "lmi"]
[SourceDate "2009.11.11"]

1. e4 c5 2. Nf3 d6 3. d4 cxd4 4. Nxd4 Nf6 5. Nc3 a6 6. Bc4 e6 7. Bb3 Nc6 8. Be3
Be7 9. Qe2 Qc7 10. O-O-O Na5 11. g4 b5 12. g5 Nxb3+ 13. axb3 Nd7 14. Nf5 exf5
15. Nd5 Qd8 16. exf5 Bb7 17. f6 gxf6 18. Rhe1 Bxd5 19. Rxd5 Rg8 20. gxf6 Nxf6
21. Rf5 Rg6 22. Bb6 Qd7 23. Qf3 Rb8 24. Rxf6 Rxb6 25. Qa8+ Qd8 26. Rxe7+ Kxe7
27. Rxf7+ Kxf7 28. Qxd8 Rb7 29. Qc8 Ra7 30. Kd2 Rf6 31. Qh3 h6 32. f4 Re7 33.
Kd3 Rfe6 1/2-1/2

[Event "Campeonato del mundo sub-18"]
[Site "Kemer TUR"]
[Date "2009.11.14"]
[Round "3.37"]
[White "Reimanis, Ritvars"]
[Black "Wageih, Kareim"]
[Result "1/2-1/2"]
[WhiteElo "2112"]
[BlackElo "2324"]
[PlyCount "45"]
[EventDate "2009.11.11"]
[EventType "swiss"]
[EventRounds "11"]
[EventCountry "ESP"]
[Source "lmi"]
[SourceDate "2009.11.11"]

1. d4 d5 2. c4 c6 3. Nc3 Nf6 4. e3 g6 5. Nf3 Bg7 6. Be2 O-O 7. O-O dxc4 8. Bxc4
Bg4 9. h3 Bxf3 10. Qxf3 Nbd7 11. Rd1 e5 12. d5 cxd5 13. Nxd5 Nb6 14. Nxb6 Qxb6
15. Bd2 Qxb2 16. Rab1 Qc2 17. Bb3 Qc6 18. Qxc6 bxc6 19. Rbc1 Rac8 20. Bc3 Nd5
21. f4 Nxc3 22. Rxc3 Rc7 23. Rcd3 1/2-1/2

[Event "Campeonato del mundo sub-18"]
[Site "Kemer TUR"]
[Date "2009.11.14"]
[Round "3.39"]
[White "Margarido, Ricardo Emanuel Tor"]
[Black "Kaminski, Victor"]
[Result "0-1"]
[WhiteElo "1966"]
[BlackElo "2235"]
[PlyCount "102"]
[EventDate "2009.11.11"]
[EventType "swiss"]
[EventRounds "11"]
[EventCountry "ESP"]
[Source "lmi"]
[SourceDate "2009.11.11"]

1. d4 Nf6 2. Nf3 e6 3. Bg5 c5 4. e3 Qb6 5. Qc1 Ne4 6. Bf4 Nc6 7. c3 Be7 8. Bd3
d5 9. Qc2 g5 10. Bg3 h5 11. dxc5 Nxc5 12. Be2 Ne4 13. Qb3 Qxb3 14. axb3 f6 15.
h3 Nxg3 16. fxg3 Bd7 17. Nbd2 Bc5 18. e4 Kf7 19. exd5 exd5 20. O-O-O g4 21.
hxg4 hxg4 22. Nh4 Bf2 23. Rhf1 Bxg3 24. Nf5 Bxf5 25. Rxf5 Ne7 26. Rff1 Raf8 27.
c4 Rh2 28. cxd5 Rxg2 29. Bc4 b5 30. Bxb5 Rc8+ 31. Nc4 Rc5 32. d6 Rxb5 33. d7
Nc6 34. Nd6+ Bxd6 35. Rxd6 Rc5+ 36. Kb1 Ke7 37. Rdxf6 Kxd7 38. Rf7+ Ne7 39. Re1
g3 40. Rfxe7+ Kd6 41. Rg7 Rf5 42. Rxa7 Rff2 43. Rae7 Rxb2+ 44. Kc1 Rgc2+ 45.
Kd1 g2 46. R1e6+ Kc5 47. Rg6 Kb4 48. Rb6+ Ka3 49. Ra6+ Kxb3 50. Rb6+ Ka2 51.
Rxb2+ Kxb2 0-1

[Event "Campeonato del mundo sub-18"]
[Site "Kemer TUR"]
[Date "2009.11.14"]
[Round "3.40"]
[White "Hapuarachchi, H L M."]
[Black "Binder, Michael"]
[Result "1/2-1/2"]
[WhiteElo "2019"]
[BlackElo "2202"]
[PlyCount "113"]
[EventDate "2009.11.11"]
[EventType "swiss"]
[EventRounds "11"]
[EventCountry "ESP"]
[Source "lmi"]
[SourceDate "2009.11.11"]

1. e4 e5 2. Nf3 Nc6 3. Bb5 a6 4. Ba4 Nf6 5. O-O Be7 6. Re1 b5 7. Bb3 d6 8. h3
O-O 9. c3 Qd7 10. d3 Bb7 11. Nbd2 Rfe8 12. Nf1 g6 13. Bh6 Bf8 14. Qd2 Bg7 15.
Ng3 Qe7 16. Bxg7 Kxg7 17. Qg5 Kh8 18. Rad1 Nd7 19. Qh6 f6 20. h4 Nd8 21. h5 Qg7
22. Qxg7+ Kxg7 23. d4 Ne6 24. Bxe6 Rxe6 25. Nh2 Re7 26. Ng4 Rf8 27. dxe5 fxe5
28. Ne3 Ref7 29. f3 Nc5 30. Nd5 Ne6 31. hxg6 hxg6 32. Ne2 Rd8 33. Kh2 Kf8 34.
Kg3 c6 35. Ne3 Ke7 36. Ng4 Rh7 37. Rh1 Rdh8 38. Rxh7+ Rxh7 39. b3 Rh8 40. Ra1
Nc5 41. Rd1 Bc8 42. Nf2 Be6 43. f4 Nd7 44. Nd3 exf4+ 45. Ndxf4 Bf7 46. Nd4 Ne5
47. Nd3 Nxd3 48. Rxd3 Be8 49. Rd1 Rh5 50. Re1 Rc5 51. Re3 a5 52. Kf4 Kf6 53.
Nf3 g5+ 54. Kg3 b4 55. c4 Bg6 56. Kg4 Be8 57. Kg3 1/2-1/2

[Event "Campeonato del mundo sub-18"]
[Site "Kemer TUR"]
[Date "2009.11.14"]
[Round "3.41"]
[White "Pradeep Kumar, Raghu"]
[Black "Tasdelen, Deniz Murat"]
[Result "1-0"]
[WhiteElo "2202"]
[BlackElo "2058"]
[PlyCount "117"]
[EventDate "2009.11.11"]
[EventType "swiss"]
[EventRounds "11"]
[EventCountry "ESP"]
[Source "lmi"]
[SourceDate "2009.11.11"]

1. Nf3 Nf6 2. c4 e6 3. g3 b6 4. Bg2 Bb7 5. O-O Be7 6. Nc3 O-O 7. d4 Ne4 8. Nxe4
Bxe4 9. d5 Bf6 10. Ne1 Bxg2 11. Nxg2 a5 12. f4 exd5 13. cxd5 Re8 14. g4 g6 15.
g5 Bg7 16. Be3 Re4 17. d6 Nc6 18. Qd3 Re6 19. dxc7 Qxc7 20. f5 gxf5 21. Qxf5
Rf8 22. Rad1 Qe5 23. Rxd7 Qxf5 24. Rxf5 Bxb2 25. Rb5 Ne5 26. Rd2 Bc1 27. Rc2
Bxe3+ 28. Nxe3 Rd8 29. Nd5 Ng4 30. Rd2 Kg7 31. Rd4 Ne5 32. Re4 Nd7 33. Rd4 Ne5
34. Kf2 Ng6 35. e3 Rdd6 36. Nc7 Re7 37. Rxd6 Rxc7 38. Rd2 Rc4 39. Rxb6 Rc5 40.
a4 Rxg5 41. Rb5 Ne5 42. Rdd5 f6 43. Rxa5 Rh5 44. Kg3 Rg5+ 45. Kf4 Rh5 46. Ra7+
Kg6 47. Rd2 Rg5 48. Ke4 Rg4+ 49. Kd5 Nc4 50. Rd3 Ne5 51. Rc3 h5 52. a5 Rg2 53.
Ra3 Rxh2 54. a6 Rd2+ 55. Ke6 Nc6 56. Rc7 Nd8+ 57. Ke7 Nf7 58. a7 Nh6 59. a8=Q
1-0

[Event "Campeonato del mundo sub-18"]
[Site "Kemer TUR"]
[Date "2009.11.14"]
[Round "3.43"]
[White "Biryukov, Mikhail"]
[Black "Inonu, Munci MuhsÝn"]
[Result "1/2-1/2"]
[WhiteElo "2165"]
[BlackElo "2002"]
[PlyCount "26"]
[EventDate "2009.11.11"]
[EventType "swiss"]
[EventRounds "11"]
[EventCountry "ESP"]
[Source "lmi"]
[SourceDate "2009.11.11"]

1. e4 e5 2. Nf3 Nc6 3. Bb5 f5 4. d3 fxe4 5. dxe4 Nf6 6. O-O Bc5 7. Nc3 d6 8. h3
O-O 9. Bc4+ Kh8 10. Ng5 Qe8 11. Nd5 Nxd5 12. exd5 Nd4 13. Be3 Qg6 1/2-1/2

[Event "Campeonato del mundo sub-18"]
[Site "Kemer TUR"]
[Date "2009.11.14"]
[Round "3.45"]
[White "Norri, Roger"]
[Black "Poleshchuk, Dmitriy"]
[Result "1/2-1/2"]
[WhiteElo "1896"]
[BlackElo "2234"]
[PlyCount "87"]
[EventDate "2009.11.11"]
[EventType "swiss"]
[EventRounds "11"]
[EventCountry "ESP"]
[Source "lmi"]
[SourceDate "2009.11.11"]

1. e4 c5 2. Nf3 d6 3. d4 cxd4 4. Nxd4 Nf6 5. Nc3 Nc6 6. Be2 e5 7. Nf3 Be7 8.
Bg5 O-O 9. O-O Be6 10. Qd2 Qd7 11. Rfd1 Rad8 12. Bxf6 Bxf6 13. Nd5 Bxd5 14.
Qxd5 Ne7 15. Qb3 Qc6 16. Qc4 Qb6 17. Qb3 Qc6 18. Qc4 d5 19. exd5 Rxd5 20. Rxd5
Nxd5 21. Qxc6 bxc6 22. Nd2 Rb8 23. Nc4 e4 24. c3 Bg5 25. Bg4 e3 26. Re1 f5 27.
Bd1 f4 28. Bb3 Re8 29. fxe3 fxe3 30. Na5 Kh8 31. Nxc6 Nf4 32. Bc4 Re4 33. Be2
g6 34. g3 Nh3+ 35. Kg2 Nf2 36. Nb4 Re7 37. h4 Bh6 38. g4 Re4 39. Bf3 Re8 40. g5
Bf8 41. Nd5 Bc5 42. b4 Nd3 43. Re2 Bb6 44. a4 1/2-1/2

[Event "Campeonato del mundo sub-18"]
[Site "Kemer TUR"]
[Date "2009.11.14"]
[Round "3.46"]
[White "Adair, James Robert"]
[Black "Kin, Kurt"]
[Result "1-0"]
[WhiteElo "2188"]
[BlackElo "1839"]
[PlyCount "111"]
[EventDate "2009.11.11"]
[EventType "swiss"]
[EventRounds "11"]
[EventCountry "ESP"]
[Source "lmi"]
[SourceDate "2009.11.11"]

1. e4 c5 2. Nf3 Nc6 3. d4 cxd4 4. Nxd4 e5 5. Nb5 a6 6. Nd6+ Bxd6 7. Qxd6 Qf6 8.
Qxf6 Nxf6 9. Nc3 Nd4 10. Bd3 b5 11. Bg5 Nh5 12. a4 bxa4 13. Rxa4 h6 14. Be3 Ne6
15. O-O O-O 16. Rfa1 Rb8 17. b3 Nf6 18. Nd5 Nxd5 19. exd5 Nc7 20. Bc5 Nxd5 21.
Bxf8 Kxf8 22. Bxa6 Bxa6 23. Rxa6 Ke7 24. R1a5 Nb4 25. Rxe5+ Kd8 26. Rd6 Nxc2
27. Red5 Rb7 28. h4 Ke7 29. Rd2 Na1 30. Ra6 Nxb3 31. Re2+ Kd8 32. Ra8+ Kc7 33.
Rf8 Nd4 34. Rd2 Ne6 35. Rxf7 Kd8 36. f4 Ke8 37. Rf5 Ke7 38. g3 Rb3 39. Kg2 g6
40. Rfd5 Rb7 41. f5 gxf5 42. Rxf5 Rb6 43. Rdf2 Nd4 44. Rf7+ Kd8 45. Rd2 Ke8 46.
Rh7 Rd6 47. g4 Kf8 48. Kh3 Ke8 49. g5 hxg5 50. hxg5 Ne6 51. Rh8+ Ke7 52. Rxd6
Kxd6 53. Kg4 Ke5 54. Rh1 Ng7 55. Re1+ Kd6 56. g6 1-0

[Event "Campeonato del mundo sub-18"]
[Site "Kemer TUR"]
[Date "2009.11.14"]
[Round "3.47"]
[White "Celis, Joel Chang"]
[Black "Me, Kevin"]
[Result "1/2-1/2"]
[WhiteElo "1698"]
[BlackElo "2119"]
[PlyCount "172"]
[EventDate "2009.11.11"]
[EventType "swiss"]
[EventRounds "11"]
[EventCountry "ESP"]
[Source "lmi"]
[SourceDate "2009.11.11"]

1. Nf3 Nf6 2. e3 g6 3. b3 Bg7 4. Bb2 O-O 5. Be2 d6 6. d4 Nbd7 7. O-O Qe8 8.
Nbd2 e5 9. dxe5 dxe5 10. Nc4 e4 11. Nd4 a6 12. c3 c5 13. Nc2 b5 14. Nd6 Qe6 15.
c4 b4 16. a3 bxa3 17. Rxa3 Rd8 18. Nxc8 Raxc8 19. Qa1 Nb8 20. Rd1 Ne8 21. Bxg7
Nxg7 22. b4 Qb6 23. Rxd8+ Qxd8 24. bxc5 Qd2 25. Nd4 Rxc5 26. Qb1 Rc8 27. Ra2
Qc3 28. Rc2 Qa5 29. Qb7 Qc5 30. Qxe4 Ne8 31. Qd5 Qb4 32. g3 Nc7 33. Qe4 a5 34.
Rc1 a4 35. Rb1 Qc5 36. Qc2 a3 37. Qb3 Nd7 38. Ra1 Ra8 39. Nc2 a2 40. Rxa2 Rb8
41. Qa3 Rb1+ 42. Kg2 Qc6+ 43. f3 Qf6 44. Nd4 Qe5 45. Qd3 Rb6 46. Nb5 Nf8 47.
Nxc7 Qxc7 48. Rd2 Qe7 49. Qd4 Rb3 50. Kf2 Ne6 51. Qe5 Qb4 52. Qd5 Rb1 53. Qd3
Rc1 54. Rd1 Rc3 55. Qd2 Qa3 56. Rb1 h5 57. Rb8+ Kg7 58. Qb2 Qxb2 59. Rxb2 Kf6
60. Rd2 Nc5 61. h3 Ke6 62. g4 hxg4 63. hxg4 f6 64. e4 g5 65. Ke1 Nd7 66. Rd3
Rc2 67. Kd1 Ra2 68. Rc3 Nc5 69. Bd3 Ke5 70. Bc2 Kd4 71. Kd2 Ra1 72. Bb3 Rf1 73.
Bc2 Rf2+ 74. Ke1 Kxc3 75. Kxf2 Kxc2 76. Ke3 Ne6 77. e5 fxe5 78. Ke4 Nd4 79.
Kxe5 Kc3 80. c5 Kc4 81. c6 Nxc6+ 82. Kf5 Nd4+ 83. Kxg5 Nxf3+ 84. Kf4 Nh4 85. g5
Kd5 86. Kg4 Ng6 1/2-1/2

[Event "Campeonato del mundo sub-18"]
[Site "Kemer TUR"]
[Date "2009.11.15"]
[Round "4.1"]
[White "Salgado Lopez, Ivan"]
[Black "Benidze, Davit"]
[Result "1/2-1/2"]
[WhiteElo "2562"]
[BlackElo "2450"]
[PlyCount "104"]
[EventDate "2009.11.11"]
[EventType "swiss"]
[EventRounds "11"]
[EventCountry "ESP"]
[Source "lmi"]
[SourceDate "2009.11.11"]

1. d4 d5 2. Nf3 e6 3. c4 Nf6 4. Nc3 Be7 5. Bg5 O-O 6. e3 h6 7. Bh4 Ne4 8. Bxe7
Qxe7 9. cxd5 Nxc3 10. bxc3 exd5 11. c4 Be6 12. c5 b6 13. Rc1 Nd7 14. Bb5 Bg4
15. O-O bxc5 16. Bxd7 Bxf3 17. Qxf3 Qxd7 18. Rxc5 c6 19. Rfc1 Rab8 20. h3 Rb6
21. a4 Rfb8 22. Qd1 g6 23. a5 Ra6 24. Qa4 Rb5 25. Qa2 Qd8 26. Ra1 Kg7 27. Qa3
Qc7 28. Qc3 Qb7 29. Rc1 Rb3 30. Qc2 Rb2 31. Qa4 Rb4 32. Qa1 Rb3 33. Qa4 Rb4 34.
Qd1 Rb5 35. Qe1 Qd7 36. Rb1 Raxa5 37. Rcxb5 Rxb5 38. Ra1 Qb7 39. Kh2 a5 40. Qc3
Rb2 41. Kg3 Qb8+ 42. Kf3 Qb5 43. Re1 a4 44. Qa3 Qb3 45. Qxb3 axb3 46. Ra1 Rc2
47. Ra8 b2 48. Rb8 Kf6 49. Rb7 Ke6 50. g4 Kd6 51. Kg3 c5 52. Rb6+ Ke7 1/2-1/2

[Event "Campeonato del mundo sub-18"]
[Site "Kemer TUR"]
[Date "2009.11.15"]
[Round "4.2"]
[White "Shukh, Nikolay"]
[Black "Balog, Imre"]
[Result "1-0"]
[WhiteElo "2438"]
[BlackElo "2491"]
[PlyCount "63"]
[EventDate "2009.11.11"]
[EventType "swiss"]
[EventRounds "11"]
[EventCountry "ESP"]
[Source "lmi"]
[SourceDate "2009.11.11"]

1. e4 e6 2. d4 d5 3. Nc3 Nf6 4. Bd3 c5 5. exd5 exd5 6. dxc5 Bxc5 7. Nf3 O-O 8.
O-O h6 9. h3 Be6 10. Bf4 Nh5 11. Bh2 Nc6 12. Nb5 Qf6 13. c3 Nf4 14. Bc2 Rac8
15. b4 Bb6 16. Re1 Rfd8 17. Bxf4 Qxf4 18. Qd3 a6 19. Nbd4 Bxd4 20. Nxd4 Nxd4
21. cxd4 Rc4 22. Rad1 g6 23. Rxe6 fxe6 24. Qxg6+ Kf8 25. Re1 Rd6 26. Re3 Ke7
27. Rf3 Qc1+ 28. Kh2 Kd7 29. Ba4+ b5 30. Rf8 Kc6 31. Qe8+ Rd7 32. Rf7 1-0

[Event "Campeonato del mundo sub-18"]
[Site "Kemer TUR"]
[Date "2009.11.15"]
[Round "4.3"]
[White "Narmontas, Matas"]
[Black "Yilmaz, Mustafa"]
[Result "0-1"]
[WhiteElo "2370"]
[BlackElo "2468"]
[PlyCount "120"]
[EventDate "2009.11.11"]
[EventType "swiss"]
[EventRounds "11"]
[EventCountry "ESP"]
[Source "lmi"]
[SourceDate "2009.11.11"]

1. e4 c5 2. Nf3 d6 3. d4 cxd4 4. Nxd4 Nf6 5. Nc3 a6 6. Bg5 e6 7. f4 Nc6 8. Nxc6
bxc6 9. e5 h6 10. Bh4 g5 11. fxg5 Nd5 12. Nxd5 cxd5 13. Qh5 Qb6 14. Be2 Bg7 15.
g6 O-O 16. Bf6 Ra7 17. Bxg7 Kxg7 18. gxf7 Raxf7 19. Qg4+ Kh8 20. O-O-O Qe3+ 21.
Kb1 Rg7 22. Qh5 dxe5 23. Rhf1 Rgg8 24. h4 Bd7 25. Rxf8 Rxf8 26. Rd3 Be8 27.
Rxe3 Bxh5 28. Bxa6 e4 29. a4 Bg6 30. Rc3 Kg7 31. Bb7 Rf7 32. Bc8 d4 33. Rg3
Rf1+ 34. Ka2 Kf6 35. Ba6 Rf2 36. Kb3 e3 37. c3 e2 38. Bxe2 Rxe2 39. cxd4 Be4
40. a5 Bxg2 41. Kc3 Bd5 42. b4 Ra2 43. Rg8 Ra3+ 44. Kc2 Kf5 45. Rh8 Ke4 46.
Rxh6 Kxd4 47. Rf6 Ra2+ 48. Kb1 Rh2 49. Rf1 Kc3 50. a6 Rb2+ 51. Ka1 Rxb4 52.
Rc1+ Kd2 53. Rc7 Ra4+ 54. Kb2 Ra2+ 55. Kb1 Rxa6 56. h5 Ra8 57. h6 Rh8 58. Rc2+
Ke3 59. Rh2 Kf4 60. Kc1 Kg5 0-1

[Event "Campeonato del mundo sub-18"]
[Site "Kemer TUR"]
[Date "2009.11.15"]
[Round "4.4"]
[White "Pavlidis, Anastasios"]
[Black "Matlakov, Maxim"]
[Result "0-1"]
[WhiteElo "2300"]
[BlackElo "2575"]
[PlyCount "84"]
[EventDate "2009.11.11"]
[EventType "swiss"]
[EventRounds "11"]
[EventCountry "ESP"]
[Source "lmi"]
[SourceDate "2009.11.11"]

1. d4 Nf6 2. c4 e6 3. Nf3 b6 4. g3 Ba6 5. b3 d5 6. Bg2 dxc4 7. Ne5 Bb4+ 8. Kf1
Bd6 9. Nxc4 Nd5 10. Kg1 Be7 11. e4 Nf6 12. Nc3 Bb7 13. Bg5 Nbd7 14. e5 Bxg2 15.
Kxg2 Nd5 16. Nxd5 Bxg5 17. Nxc7+ Qxc7 18. Nd6+ Ke7 19. Qh5 Qc6+ 20. Kh3 g6 21.
Qxg5+ f6 22. Qe3 Qd5 23. f4 f5 24. Rhc1 h6 25. Qc3 g5 26. Qc6 Qxc6 27. Rxc6
gxf4 28. gxf4 Rhg8 29. d5 Raf8 30. dxe6 Nc5 31. Rc7+ Kxe6 32. Rd1 Ne4 33. Nxe4
fxe4 34. Rc6+ Kf5 35. Rf1 h5 36. Rh6 e3 37. Rxh5+ Ke4 38. e6 Rxf4 39. Rc1 e2
40. Rc4+ Kf3 41. Rc1 Kf2 42. e7 Re8 0-1

[Event "Campeonato del mundo sub-18"]
[Site "Kemer TUR"]
[Date "2009.11.15"]
[Round "4.5"]
[White "Kulakov, Viacheslav"]
[Black "Bogner, Sebastian"]
[Result "0-1"]
[WhiteElo "2380"]
[BlackElo "2504"]
[PlyCount "160"]
[EventDate "2009.11.11"]
[EventType "swiss"]
[EventRounds "11"]
[EventCountry "ESP"]
[Source "lmi"]
[SourceDate "2009.11.11"]

1. d4 Nf6 2. c4 e6 3. Nf3 b6 4. e3 Bb7 5. Bd3 d5 6. Nbd2 Bd6 7. O-O O-O 8. b3
c5 9. Bb2 Nbd7 10. cxd5 exd5 11. Ne5 Qe7 12. f4 cxd4 13. exd4 Ne4 14. Nxe4 dxe4
15. Bc4 Nf6 16. Qe2 Ba3 17. Bxa3 Qxa3 18. g4 Qd6 19. Rad1 Rab8 20. g5 Nd5 21.
Qxe4 b5 22. Bxd5 Bxd5 23. Qf5 Rbd8 24. h4 f6 25. gxf6 gxf6 26. Ng4 Kh8 27. Kh2
Be6 28. Qh5 Qa3 29. f5 Bd5 30. Rf2 Qd6+ 31. Kh3 Rc8 32. Rd3 Be4 33. Re3 Qd5 34.
Nh6 Qxd4 35. Rfe2 Rc3 36. Rxc3 Qxc3+ 37. Kh2 Qe5+ 38. Kh3 Qf4 39. Qg4 Qf1+ 40.
Kh2 Qh1+ 41. Kg3 Qg1+ 42. Kf4 Qc1+ 43. Kxe4 Qxh6 44. Kf3 Rg8 45. Qf4 Qh5+ 46.
Kf2 a5 47. Ke1 b4 48. Kf2 Qg4 49. Qxg4 Rxg4 50. Kf3 Rxh4 51. Re8+ Kg7 52. Ra8
Kh6 53. Rxa5 Kg5 54. Kg3 Rg4+ 55. Kh3 h5 56. Rb5 Rd4 57. Kg3 Rd3+ 58. Kg2 Rd2+
59. Kh3 Rd4 60. Kg3 Re4 61. Kh3 h4 62. Rb8 Kxf5 63. Rb5+ Kg6 64. Ra5 f5 65. Ra4
Kg5 66. a3 Re3+ 67. Kg2 Rxb3 68. axb4 Kg4 69. Ra2 Rxb4 70. Rc2 f4 71. Ra2 Rb3
72. Kf2 Rh3 73. Kg2 Rg3+ 74. Kf2 h3 75. Kf1 Rf3+ 76. Kg1 Kg3 77. Rg2+ Kh4 78.
Ra2 Re3 79. Kf2 h2 80. Kg2 f3+ 0-1

[Event "Campeonato del mundo sub-18"]
[Site "Kemer TUR"]
[Date "2009.11.15"]
[Round "4.6"]
[White "Durarbeyli, Vasif"]
[Black "Adhiban, Baskaran"]
[Result "1-0"]
[WhiteElo "2456"]
[BlackElo "2486"]
[PlyCount "69"]
[EventDate "2009.11.11"]
[EventType "swiss"]
[EventRounds "11"]
[EventCountry "ESP"]
[Source "lmi"]
[SourceDate "2009.11.11"]

1. e4 e5 2. Nf3 Nc6 3. Bb5 a6 4. Ba4 Nf6 5. Qe2 b5 6. Bb3 Bc5 7. d3 O-O 8. Bg5
h6 9. Bh4 Be7 10. Nbd2 d6 11. c3 Nh5 12. g3 Nf6 13. Bxf6 Bxf6 14. Nf1 Ne7 15.
Ne3 c6 16. h4 d5 17. O-O-O g6 18. h5 g5 19. d4 exd4 20. Nxd4 b4 21. cxb4 a5 22.
exd5 axb4 23. Nxc6 Nxc6 24. dxc6 Qb6 25. Qc2 Ra6 26. Rd6 Bg7 27. Nd5 Qa7 28.
Nf6+ Bxf6 29. Rxf6 Kg7 30. Rg6+ Kh7 31. Rd1 Rxa2 32. Bxa2 Qxa2 33. Rdd6 f5 34.
Rxh6+ Kg7 35. Rdg6+ 1-0

[Event "Campeonato del mundo sub-18"]
[Site "Kemer TUR"]
[Date "2009.11.15"]
[Round "4.8"]
[White "Chirila, Ioan-Cristian"]
[Black "Darini, Pouria"]
[Result "1-0"]
[WhiteElo "2510"]
[BlackElo "2366"]
[PlyCount "69"]
[EventDate "2009.11.11"]
[EventType "swiss"]
[EventRounds "11"]
[EventCountry "ESP"]
[Source "lmi"]
[SourceDate "2009.11.11"]

1. e4 c5 2. Nf3 d6 3. d4 cxd4 4. Nxd4 Nf6 5. Nc3 a6 6. Bg5 e6 7. f4 Qb6 8. Qd3
Nc6 9. Bxf6 gxf6 10. Nb3 Bd7 11. Be2 h5 12. Rf1 O-O-O 13. O-O-O Kb8 14. Qh3 h4
15. Kb1 Be7 16. f5 Ne5 17. Rf4 Rc8 18. Rxh4 Rxh4 19. Qxh4 a5 20. Qh3 a4 21. Nd4
a3 22. b3 Qb4 23. Ncb5 Bxb5 24. Bxb5 Rc3 25. Qh8+ Ka7 26. Qh6 Nd3 27. Ne2 Nf2
28. Rd4 Qc5 29. Qd2 Qxb5 30. Nxc3 Qf1+ 31. Qc1 Qxg2 32. Qxa3+ Kb8 33. Ra4 Kc7
34. Ra8 Qf1+ 35. Kb2 1-0

[Event "Campeonato del mundo sub-18"]
[Site "Kemer TUR"]
[Date "2009.11.15"]
[Round "4.9"]
[White "Anton, Teodor"]
[Black "Abasov, Nijat"]
[Result "1/2-1/2"]
[WhiteElo "2363"]
[BlackElo "2522"]
[PlyCount "73"]
[EventDate "2009.11.11"]
[EventType "swiss"]
[EventRounds "11"]
[EventCountry "ESP"]
[Source "lmi"]
[SourceDate "2009.11.11"]

1. d4 Nf6 2. c4 g6 3. Nf3 Bg7 4. g3 d5 5. cxd5 Nxd5 6. Bg2 Nb6 7. Nc3 O-O 8.
O-O Nc6 9. e3 Re8 10. d5 Na5 11. Nd4 e6 12. dxe6 Bxe6 13. Nxe6 Rxe6 14. Qc2 Nc6
15. Ne4 Nb4 16. Qb3 Qe7 17. a3 Na6 18. Qc2 Re8 19. Nc3 c6 20. b3 Qc5 21. Bb2
Nd5 22. b4 Qc4 23. Rfc1 Nxc3 24. Bxc3 Qxc3 25. Qxc3 Bxc3 26. Rxc3 Rd8 27. b5
cxb5 28. Bxb7 Rb6 29. Bf3 Rd7 30. Rb1 Rc7 31. Rcb3 Rc5 32. Be2 Nc7 33. e4 a6
34. a4 Re6 35. axb5 Nxb5 36. Bxb5 axb5 37. Rxb5 1/2-1/2

[Event "Campeonato del mundo sub-18"]
[Site "Kemer TUR"]
[Date "2009.11.15"]
[Round "4.10"]
[White "Recuero Guerra, David"]
[Black "Poetsch, Hagen"]
[Result "1/2-1/2"]
[WhiteElo "2494"]
[BlackElo "2361"]
[PlyCount "136"]
[EventDate "2009.11.11"]
[EventType "swiss"]
[EventRounds "11"]
[EventCountry "ESP"]
[Source "lmi"]
[SourceDate "2009.11.11"]

1. d4 e6 2. c4 Nf6 3. g3 d5 4. Nf3 Bb4+ 5. Bd2 Be7 6. Bg2 O-O 7. O-O c6 8. Qc2
Nbd7 9. a4 b6 10. Na3 a5 11. cxd5 cxd5 12. Nb5 Ba6 13. Qb3 Ne4 14. Bf4 Bb4 15.
Rfc1 Bxb5 16. axb5 Bd6 17. Bxd6 Nxd6 18. Ne5 Nxe5 19. dxe5 Nc4 20. Qc3 a4 21.
e4 Ra5 22. exd5 exd5 23. Bxd5 Qxd5 24. Qxc4 Qxb5 25. Qxb5 Rxb5 26. Rxa4 Rxe5
27. Rb4 b5 28. Rc7 Rb8 29. Rf4 f6 30. Rd4 Rg5 31. Rdd7 h5 32. f4 Rg4 33. Kf2 h4
34. Rb7 Rc8 35. Kf3 Rg6 36. f5 Rg5 37. g4 h3 38. Rxb5 g6 39. Kg3 gxf5 40. Rxf5
Rxf5 41. gxf5 Rb8 42. Rd2 Kg7 43. Kxh3 Kh6 44. Rf2 Kg5 45. Kg2 Rb3 46. Kf1 Re3
47. Kg1 Kg4 48. Rg2+ Kxf5 49. h4 Rh3 50. Rh2 Rd3 51. Kf1 Kg6 52. h5+ Kh6 53.
Ke2 Rd5 54. Ke3 f5 55. Kf4 Rb5 56. Ke3 Rd5 57. Kf3 Rc5 58. Kf4 Rb5 59. Ke3 Rd5
60. b4 Rb5 61. Rb2 Kxh5 62. Kf4 Kg6 63. Rb1 Kf6 64. Rb2 Ke6 65. Rb1 Kd5 66.
Kxf5 Kc4+ 67. Ke4 Rxb4 68. Rxb4+ Kxb4 1/2-1/2

[Event "Campeonato del mundo sub-18"]
[Site "Kemer TUR"]
[Date "2009.11.15"]
[Round "4.11"]
[White "Martinovic, Sasa"]
[Black "Mazur, Stefan"]
[Result "1-0"]
[WhiteElo "2483"]
[BlackElo "2360"]
[PlyCount "51"]
[EventDate "2009.11.11"]
[EventType "swiss"]
[EventRounds "11"]
[EventCountry "ESP"]
[Source "lmi"]
[SourceDate "2009.11.11"]

1. d4 d5 2. c4 e6 3. Nc3 a6 4. cxd5 exd5 5. Nf3 c6 6. Qc2 Bd6 7. e4 dxe4 8.
Nxe4 Bb4+ 9. Nc3 Nf6 10. Bc4 O-O 11. Be3 Nbd7 12. a3 Be7 13. Ba2 Nb6 14. O-O h6
15. Ne5 Nbd5 16. Rad1 Be6 17. Bb1 Nxc3 18. bxc3 Bxa3 19. c4 Rc8 20. g4 Re8 21.
g5 hxg5 22. Bxg5 Be7 23. Rfe1 Qa5 24. d5 cxd5 25. Bxf6 Bxf6 26. Nd7 1-0

[Event "Campeonato del mundo sub-18"]
[Site "Kemer TUR"]
[Date "2009.11.15"]
[Round "4.12"]
[White "Arenas, David"]
[Black "Piorun, Kacper"]
[Result "0-1"]
[WhiteElo "2333"]
[BlackElo "2475"]
[PlyCount "66"]
[EventDate "2009.11.11"]
[EventType "swiss"]
[EventRounds "11"]
[EventCountry "ESP"]
[Source "lmi"]
[SourceDate "2009.11.11"]

1. e4 e6 2. d4 d5 3. Nc3 Nf6 4. Bg5 Bb4 5. e5 h6 6. Bd2 Bxc3 7. bxc3 Ne4 8. Qg4
g6 9. Bd3 Nxd2 10. Kxd2 c5 11. h4 c4 12. Be2 Nd7 13. Qf4 Qe7 14. a3 b5 15. g4
a5 16. Qe3 Nb6 17. f4 Bd7 18. Bf3 Kd8 19. Ne2 Kc7 20. Rhb1 Qxh4 21. g5 hxg5 22.
fxg5 Qh7 23. Rh1 Qg7 24. Rh6 Qf8 25. Rah1 Rg8 26. Ra1 Qe7 27. Nf4 b4 28. axb4
axb4 29. Rb1 b3 30. cxb3 cxb3 31. Ke1 Nc4 32. Qg1 Qa3 33. Bd1 Qa2 0-1

[Event "Campeonato del mundo sub-18"]
[Site "Kemer TUR"]
[Date "2009.11.15"]
[Round "4.13"]
[White "Krejci, Jan"]
[Black "Faizulaev, Akmal"]
[Result "1-0"]
[WhiteElo "2458"]
[BlackElo "2303"]
[PlyCount "33"]
[EventDate "2009.11.11"]
[EventType "swiss"]
[EventRounds "11"]
[EventCountry "ESP"]
[Source "lmi"]
[SourceDate "2009.11.11"]

1. e4 c5 2. Nf3 d6 3. d4 cxd4 4. Nxd4 Nf6 5. Nc3 a6 6. Be3 e6 7. Be2 Be7 8. Qd2
b5 9. Bf3 b4 10. Na4 d5 11. exd5 Nxd5 12. Nf5 Bf6 13. Bc5 Be5 14. O-O-O Bd7 15.
Rhe1 Qf6 16. Rxe5 Bxa4 17. Qxd5 1-0

[Event "Campeonato del mundo sub-18"]
[Site "Kemer TUR"]
[Date "2009.11.15"]
[Round "4.14"]
[White "Demidov, Mikhail"]
[Black "Rozum, Ivan"]
[Result "1/2-1/2"]
[WhiteElo "2360"]
[BlackElo "2458"]
[PlyCount "76"]
[EventDate "2009.11.11"]
[EventType "swiss"]
[EventRounds "11"]
[EventCountry "ESP"]
[Source "lmi"]
[SourceDate "2009.11.11"]

1. d4 Nf6 2. c4 g6 3. Nc3 Bg7 4. Nf3 O-O 5. g3 d6 6. Bg2 Nc6 7. O-O a6 8. h3
Bd7 9. e4 e5 10. d5 Nd4 11. Nxd4 exd4 12. Qxd4 Qc8 13. e5 Nh5 14. Qh4 Bxe5 15.
Bg5 f6 16. Bh6 Ng7 17. Bxg7 Kxg7 18. f4 Bd4+ 19. Kh2 f5 20. Qe7+ Rf7 21. Qe1
Qe8 22. Qd2 Qe3 23. Qxe3 Bxe3 24. Rae1 Bd4 25. Rf3 Re8 26. Rxe8 Bxe8 27. Rd3
Bf6 28. Re3 Kf8 29. Bf3 Re7 30. Rxe7 Kxe7 31. Kg2 Bd4 32. Be2 c6 33. Bf3 Kd8
34. dxc6 bxc6 35. Nd1 Kd7 36. Kf1 Bf7 37. b3 d5 38. Nf2 Kd6 1/2-1/2